| Поле | Инд. | ПП | Название | Значение |
|---|---|---|---|---|
| Тип записи | a | |||
| Библиографический уровень | m | |||
| 001 | Контрольный номер | RU/IS/BASE/264548807 | ||
| 005 | Дата корректировки | 20251205110053.9 | ||
| 008 | Кодируемые данные | 19971210 | ||
| 040 | 00 | e | Правила каталог. | Л 971210 |
| 084 | a | Индекс другой классификации/Индекс ББК | 84(4Вел)6-446 | |
| 090 | 00 | a | Полочн. индекс | 84(4Вел)6-446 |
| x | Авторский знак | Ф 282 | ||
| 097 | 00 | a | 210 | |
| 100 | 10 | a | Автор | Фаулз Дж. |
| q | Полное имя | Фаулз Джон | ||
| 245 | 00 | a | Заглавие | Подруга французского лейтенанта |
| b | Продолж. заглавия | роман | ||
| c | Ответственность | перевод с английского М. Беккер, И. Комаровой; вступительная статья А. Долинина; примечания М. Беккер; художник Г. Сауков | ||
| 260 | 00 | a | Место издания | Москва |
| b | Издательство | Правда | ||
| c | Дата издания | 1990 | ||
| 300 | 00 | a | Объем | 480 с. |
| 336 | a | Термин вида содержания | Текст | |
| 337 | a | Термин типа средства | непосредственный | |
| 504 | a | Библиография | Примеч.: с. 465-479 | |
| 600 | 14 | a | Персоналии | Фаулз Джон |
| 650 | 04 | a | Основная рубрика | художественная литература |
| 653 | 00 | a | Ключевые слова | XX век |
| a | Ключевые слова | английская литература | ||
| a | Ключевые слова | Великобритания | ||
| 655 | 00 | a | Жанр/ форма (устаревшее) | проза |
| a | Жанр/ форма (устаревшее) | роман | ||
| 700 | 10 | a | Автор | Долинин А. |
| e | Роль лиц | автор вступительной статьи | ||
| 700 | 10 | a | Автор | Сауков Г. |
| e | Роль лиц | художник | ||
| 700 | 10 | a | Автор | Беккер М. |
| e | Роль лиц | переводчик; автор примечаний | ||
| 700 | 10 | a | Автор | Комарова И. |
| e | Роль лиц | переводчик | ||
| 787 | 18 | w | Контрольный номер связываемой записи | RU/IS/BASE/403186785 |
| w | Контрольный номер связываемой записи | RU/IS/BASE/132946427 | ||
| w | Контрольный номер связываемой записи | UNIDUBNA4bbcdfbc753c4a5c86b27306d87070d3 | ||
| 901 | t | Тип документа | m | |
| 952 | a | Тип литературы для КСУ ВШ | ЛХИ |